000
00343pab a2200145 454500
008
180718b2003 xxu||||| |||| 00| 0 eng d
100
_a
Banerjee, Sudeshna
245
_a
Male contraception: the profit factor
260
_c
2003
300
_a
p.7-8.
362
_a
Jul
650
_a
Contraception
773
_a
Social Welfare
909
_a
57095
999
_c
57095
_d
57095